000 00819nam a22002297a 4500
005 20170602161307.0
010 _aB-262910-911
020 _a01709713754
_c495.00
035 _aB-262910-911
037 _a43803
_bSuper Book Distributors/24.4.08/27/8.4.08/19.5.08/495.00/
082 _a503 / COC
100 _aCocco, Paola
245 _aThe big book of experiments:an encylopedia of science
_cby Paola Cocco
260 _aEngland
_bBrown Watson
_c2005(repr.)
260 _aNew Delhi
_bSuper Book Distributor
270 _aIstituto Geografico De Agostini S.p.A., Novara
_bEngland
270 _aF-1/16, Basement Ansari Road, Darya Ganj
_bNew Delhi
_e110002
270 _a80 Strand, London WC2R ORL
_bEngland
300 _a190p.
_c27cm.(Hb)
_bcol. photos
700 _aCocco, Paola
942 _2ddc
_cCH
_h503/COC
999 _c13368
_d13368